Personnages de Ninjago : les maîtres du spinjitzu par image (Part 4) - Statistiques

Statistiques générales
  • Ce quiz a été pris 235 fois
  • Le résultat moyen est 10 sur 16
Statistiques - réponses
Par images Réponse % Correct
Skylor
95%
Karlof
79%
Ray
71%
Neuro
70%
Maya
69%
Shadow
69%
Capitaine Soto
68%
Ash
67%
Tox
62%
Griffin Turner
59%
Jacob
59%
Bolobo
56%
Gravis
50%
Lou
47%
Chamille
27%
Paleman
27%
Aucun quiz correspondant
Distribution des résultats
% des personnes avec chaque résultat
Percentile par nombre de réponses
Votre historique - résultats
Vous n’avez pas pris ce quiz